| 000 | 01700nam a2200445Ii 4500 | ||
|---|---|---|---|
| 001 | DIGRILEDIT0495 | ||
| 003 | NyNyDIG | ||
| 006 | m o d | ||
| 007 | cr ||||||||||| | ||
| 008 | 170117s2014 cl a ob 000 0 spa d | ||
| 020 | _z9560100459 | ||
| 020 | _z9789560100450 | ||
| 035 | _a(OCoLC)969038481 | ||
| 040 |
_aDGITA _beng _erda _epn _cDGITA |
||
| 041 | 0 |
_aspa _apor |
|
| 043 | _as------ | ||
| 050 | 1 | 4 | _aHC163.5 ebook |
| 082 | 0 | 4 | _a333.7098 |
| 245 | 0 | 0 |
_aRecursos naturales : _bcompetencia, cooperación y conflicto en Sudamérica / _cCristián Garay Vera, Cristián Faundes, editores. |
| 264 | 1 |
_aProvidencia, Santiago de Chile : _bRiL editores, _c[2014] |
|
| 300 |
_a1 online resource : _billustrations. |
||
| 336 |
_atext _2rdacontent |
||
| 337 |
_acomputer _bc _2rdamedia |
||
| 338 |
_aonline resource _bcr _2rdacarrier |
||
| 504 | _aIncludes bibliographical references. | ||
| 546 | _aText in Spanish and Portuguese. | ||
| 588 | 0 | _aOnline resource; title from PDF title page (Digitalia, viewed January 20, 2017) | |
| 650 | 0 |
_aGeopolitics _zSouth America. |
|
| 650 | 0 |
_aNatural resources _zSouth America. |
|
| 650 | 0 |
_aSocial conflict _zSouth America. |
|
| 655 | 0 | _aElectronic books. | |
| 700 | 1 |
_aFaundes, Cristián, _eeditor. |
|
| 700 | 1 |
_aGaray Vera, Cristián, _eeditor. |
|
| 776 | 0 | 8 |
_iPrint version: _tRecursos naturales. _bPrimera edición. _dSantiago de Chile : RiL Editores, 2014 _z9789560100450 _w(OCoLC)873832791 |
| 791 | 2 |
_aDigitalia (Firm), _edistributor. |
|
| 793 | 0 |
_gDigitalia eBook Collection: _aRil Editores |
|
| 856 | 4 | 0 |
_3Digitalia Hispánica _uhttps://www.digitaliapublishing.com/a/25467/ |
| 910 | _aPremium collection: 2017 | ||
| 942 | _cRAA | ||
| 999 |
_c238573 _d238573 |
||